| 000 | 00332nam a22001217a 4500 | ||
|---|---|---|---|
| 082 |
_a001 _bCBSE/R |
||
| 100 | _aRELIABLE ENTERPRISES | ||
| 245 |
_aRELIABLE PSA FOR CLASS XI _bPROBLEM SOLVING ASSESSMENT |
||
| 260 |
_aDELHI _bRELIABLE ENTERPRISES |
||
| 300 | _a136 | ||
| 650 |
_aPROBLEM SOLVING ASSESSMENT FOR CLASS XI _zINDIA |
||
| 942 | _cBK | ||
| 999 |
_c521 _d521 |
||